|
|
|
|
| LEADER |
00000nam a2200000 i 4500 |
| 001 |
1/79308 |
| 008 |
960823s1992 gre d |
| 035 |
|
|
|a 1993
|b 1
|c Μικιόζος
|l 10033147
|
| 040 |
|
|
|a GR-MY-UA
|b gre
|e aacr
|
| 041 |
0 |
|
|a gre
|
| 082 |
0 |
|
|a 796.334
|
| 100 |
1 |
|
|a Μητσιώνης, Χρήστος.
|
| 245 |
1 |
0 |
|a Προπόνηση ποδοσφαίρου :
|b θεωρία - ασκήσεις /
|c Χρήστος Μητσιώνης, Ευάγγελος Παλάντζας
|
| 250 |
|
|
|a βελτιωμ. έκδ.
|
| 260 |
|
|
|a [Αθήνα] :
|b [χ.ο.],
|c [1992]
|
| 300 |
|
|
|a 336 σ.
|
| 650 |
0 |
0 |
|a Soccer
|x Training.
|
| 650 |
0 |
0 |
|a Soccer.
|
| 700 |
1 |
|
|a Παλάντζας, Ευάγγελος.
|
| 852 |
|
|
|a INST
|b RHODES
|e 19960823
|h 796.334 ΜΗΤ
|p 005400009674
|q 005400009674
|t BK
|y 0
|
| 909 |
|
|
|a Ρ
|b 026111
|
| 922 |
|
|
|a 4ΕΛΗ
|b 199302
|c ΜΙΚΙΟΖΟΣ
|
| 970 |
|
|
|a ΧΟΡΟΖΙΔΟΥ
|b ΤΖΕΝΗ
|z 1999/11/08
|